000 00669nam a22002177a 4500
999 _c20563
_d20563
003 AR-CdUCM
008 190328b ||||| |||| 00| 0 spa d
040 _aMUNICIPALIDAD PROVINCIAL DEL CUSCO
_cBIBLIOTECA MUNICIPAL DEL CUSCO
082 _a863 /
_bP45
_24ed.
100 _aPereda, José María de
_926152
245 _aEl sabor de la tierruca /
260 _aBuenos Aires :
_bSopena argentina ,
_c1949..
300 _a189 páginas ;
_c23 cm.
500 _a[libro reempastado]
505 _aContenido : Novela
650 _aNovela española
_914093
650 _aNovela costumbres
_926154
650 _aLiteratura
_9416
942 _2ddc
_cLIBROS
945 _aAndy